| 000 | 01446nam a2200313Ia 4500 | ||
|---|---|---|---|
| 001 | ebr10229704 | ||
| 003 | CaPaEBR | ||
| 006 | m u | ||
| 007 | cr cn||||||||| | ||
| 008 | 850328s2008 enka sb 000 0 eng d | ||
| 020 | _z9781846637506 | ||
| 040 |
_aCaPaEBR _cCaPaEBR |
||
| 035 | _a(OCoLC)646747648 | ||
| 050 | 1 | 4 |
_aTS156 _b.I6221 2008eb |
| 245 | 0 | 4 |
_aThe international journal of quality & reliability management. _nVolume 25, Number 1, _pBest practice project portfolio management _h[electronic resource] / _cGuest editors: Robert A. Hunt and Catherine P. Killen. |
| 246 | 3 |
_aInternational journal of quality and reliability management. _nVolume 25, Number 1, _pBest practice project portfolio management |
|
| 260 |
_a[Bradford, England] : _bEmerald, _c2008. |
||
| 300 |
_a101 p. : _bill. |
||
| 490 | 0 |
_aThe international journal of quality & reliability management ; _vv.25, no. 1 |
|
| 504 | _aIncludes bibliographical references. | ||
| 533 |
_aElectronic reproduction. _bPalo Alto, Calif. : _cebrary, _d2013. _nAvailable via World Wide Web. _nAccess may be limited to ebrary affiliated libraries. |
||
| 650 | 0 | _aManagement. | |
| 650 | 0 | _aQuality control. | |
| 655 | 7 |
_aElectronic books. _2local |
|
| 700 | 1 | _aHunt, Robert A. | |
| 700 | 1 | _aKillen, Catherine P. | |
| 710 | 2 | _aebrary, Inc. | |
| 856 | 4 | 0 |
_uhttp://site.ebrary.com/lib/rucke/Doc?id=10229704 _zAn electronic book accessible through the World Wide Web; click to view |
| 999 |
_c39023 _d39023 |
||